[Event "AUTO-ELITE-04"]
[Site "http://www.queenalice.com/game.php?id=26736"]
[Date "2005.8.31"]
[Round "1"]
[White "void"]
[Black "dnptrs"]
[Result "0-1"]
[WhiteElo "2002"]
[BlackElo "1937"]

1. Na3 Nf6 2. e3 c5 3. d4 cxd4 4. exd4 e6 5. Nb5 a6 6. Nc3 d5 7. Bf4 Bd6 8. Qd2
Ne4 9. Nxe4 dxe4 10. Bxd6 Qxd6 11. f3 Nc6 12. fxe4 Qxd4 13. Qxd4 Nxd4 14. Bd3
Bd7 15. c3 Nc6 16. Nf3 h6 17. O-O-O Ke7 18. e5 Rhd8 19. Rhe1 Be8 20. Bc2 Rxd1+
21. Rxd1 Nd8 22. Kd2 Bc6 23. Ke3 Rc8 24. h3 Rc7 25. a3 Rd7 26. Rxd7+ Kxd7 27.
Be4 Bxe4 28. Kxe4 Nc6 29. Nd4 Nxd4 30. Kxd4 f5 31. h4 g5 32. hxg5 hxg5 33. a4 g4
34. a5 Kc6 35. c4 b5 36. b3 bxc4 37. bxc4 g3 38. Ke3 Kc5 39. Kf3 Kxc4 40. Kxg3
Kd4 41. Kf4 Kd5 42. g4 fxg4 43. Kxg4 Kxe5 44. Kf3 Kd4 45. Ke2 Ke4 46. Kd2 Kf3
47. Kd3 e5 48. Kc4 e4 49. Kc5 e3 50. Kb6 e2 51. Kxa6 e1=Q 52. Kb5 Qe7 53. Kc6
Ke4 54. a6 Qa7 55. Kb5 Kd5 56. Ka5 Kc4 57. Ka4 Qxa6# 0-1

[Event "AUTO-ELITE-04"]
[Site "http://www.queenalice.com/game.php?id=26743"]
[Date "2005.8.31"]
[Round "1"]
[White "void"]
[Black "mikaio"]
[Result "1-0"]
[WhiteElo "1995"]
[BlackElo "1773"]

1. h4 e5 2. a4 c6 3. d4 Nf6 4. dxe5 Qa5+ 5. Nc3 Qxe5 6. Nf3 Qc7 7. e4 Bb4 8. e5
Ne4 9. Qd4 Nxc3 10. bxc3 Ba5 11. Ba3 b6 12. Bd6 Qd8 13. Ba3 Bb7 14. Bc4 c5 15.
Qd3 Qe7 16. O-O-O Bc6 17. Ng5 f6 18. exf6 Qxf6 19. Rhe1+ Kf8 20. Re6 dxe6 21.
Nxe6+ Ke7 22. Qd6+ 1-0

[Event "AUTO-ELITE-04"]
[Site "http://www.queenalice.com/game.php?id=26744"]
[Date "2005.8.31"]
[Round "1"]
[White "mikaio"]
[Black "void"]
[Result "0-1"]
[WhiteElo "1765"]
[BlackElo "2004"]

1. Nf3 c5 2. g3 Nc6 3. Bg2 g6 4. Nc3 Bg7 5. O-O d5 6. d3 Nf6 7. Bf4 O-O 8. Re1
d4 9. Na4 Nd5 10. Bd2 Qd6 11. c4 Nc7 12. Rb1 Bf5 13. Nh4 Bd7 14. e4 Ne5 15. Bf4
Ne6 16. Bxe5 Qxe5 17. f4 Qc7 18. b3 Rfd8 19. Qf3 Bf6 20. e5 Bc6 21. Qf2 Bxh4 22.
gxh4 Bxg2 23. Kxg2 Qc6+ 24. Kg3 Ng7 25. Kh3 Nf5 26. h5 Ne3 27. Rg1 Qc8+ 28. f5
Nxf5 29. Kg2 Ne3+ 30. Kh1 Qc6+ 31. Rg2 Nxg2 32. Qxg2 Qxg2+ 33. Kxg2 b6 34. Nb2
gxh5 35. Kf3 Kh8 36. Nd1 Rg8 37. Nf2 Rg5 38. Re1 Rag8 39. a3 Rf5+ 40. Ke4 e6 41.
h3 Rg3 42. b4 Rgf3 0-1

[Event "Square 1"]
[Site "http://www.queenalice.com/game.php?id=28019"]
[Date "2005.9.10"]
[Round "-"]
[White "chessyca"]
[Black "void"]
[Result "0-1"]
[WhiteElo "1745"]
[BlackElo "2017"]

1. d4 d5 2. e3 Nf6 3. f4 Bf5 4. Nf3 e6 5. Bd3 Nc6 6. O-O Bd6 7. c3 O-O 8. Ne5
Ne7 9. Nd2 Bxe5 10. fxe5 Bxd3 11. exf6 gxf6 12. Re1 e5 13. Nf3 e4 14. Nd2 Qd6
15. Nf1 Nf5 16. Qh5 Ng7 17. Qh4 c5 18. Nd2 b6 19. b3 cxd4 20. exd4 Rac8 21. a4
Rfe8 22. Ba3 Qe6 23. Rac1 e3 24. Nf3 Kh8 25. Kh1 Qf5 26. Bd6 Re6 27. Bb4 Nh5 28.
a5 Rg8 29. axb6 Nf4 30. bxa7 Nxg2 31. a8=Q Nxh4 0-1

[Event "1.f3 2.Kf2"]
[Site "http://www.queenalice.com/game.php?id=33339"]
[Date "2005.10.15"]
[Round "-"]
[White "void"]
[Black "gamelover"]
[Result "1-0"]
[WhiteElo "2040"]
[BlackElo "1701"]

1. f3 c5 2. Kf2 Nc6 3. e3 e6 4. Bb5 Nf6 5. Nh3 a6 6. Bxc6 bxc6 7. d3 d5 8. Kg1
Bd6 9. Nf2 O-O 10. Nd2 Re8 11. a4 e5 12. Nf1 Rb8 13. c4 Be6 14. Qc2 Re7 15. e4
Reb7 16. Ra3 Rb4 17. b3 Qb6 18. Nd2 Qd8 19. Ra1 Nh5 20. g3 R4b7 21. Ba3 d4 22.
Rb1 Qg5 23. Nf1 f5 24. Bc1 Qg6 25. Nd2 Nf4 26. Kf1 Nh5 27. exf5 Bxf5 28. Ba3 Nf6
29. Rb2 a5 30. Rg1 h5 31. Qb1 Rf7 32. Kg2 h4 33. g4 Rbf8 34. Kh1 Be6 35. Qd1 h3
36. Qe2 Bc8 37. Nxh3 Nh7 38. Rg2 Ng5 39. Nxg5 Qxg5 40. Ne4 Qg6 41. Rg3 Rf4 42.
Rb1 1-0

[Event "Rematch"]
[Site "http://www.queenalice.com/game.php?id=42156"]
[Date "2005.12.7"]
[Round "-"]
[White "MikeDoherty"]
[Black "void"]
[Result "0-1"]
[WhiteElo "1995"]
[BlackElo "2033"]

1. e4 c5 2. Nf3 Nf6 3. Nc3 Nc6 4. Bc4 Nxe4 5. Bxf7+ Kxf7 6. Nxe4 d5 7. Nxc5 e5
8. Nb3 e4 9. Nfd4 Nxd4 10. Nxd4 Bc5 11. Ne2 Rf8 12. O-O Kg8 13. d4 Bd6 14. Qd2
Bg4 15. Ng3 Rc8 16. c3 h5 17. Qg5 Be7 18. Qe3 h4 19. Ne2 h3 20. Nf4 hxg2 21.
Nxg2 Bf3 0-1

[Event "Challenge"]
[Site "http://www.queenalice.com/game.php?id=42221"]
[Date "2005.12.8"]
[Round "-"]
[White "Gambitshark"]
[Black "void"]
[Result "1-0"]
[WhiteElo "2262"]
[BlackElo "2047"]

1. e4 c5 2. Nf3 Nc6 3. d4 cxd4 4. Nxd4 g6 5. Nc3 Bg7 6. Be3 Nf6 7. Nxc6 bxc6 8.
e5 Ng8 9. f4 f6 10. e6 d5 11. f5 Qd6 12. Qf3 Bh6 13. O-O-O Qe5 14. Bxh6 Nxh6 15.
g4 gxf5 16. g5 Ng4 17. Bb5 cxb5 18. Rhe1 Bxe6 19. Rxe5 Nxe5 20. Qh5+ Bf7 21. Qh3
b4 22. Nxd5 Bxd5 23. Rxd5 O-O 24. Qxf5 Ng6 25. h4 fxg5 26. Qe6+ Kh8 27. h5 Rf6
28. Qe4 Nf4 29. Rxg5 Raf8 30. b3 h6 31. Ra5 Re6 32. Re5 Rxe5 33. Qxe5+ Kg8 34.
Qxe7 Nxh5 35. Qe6+ Kh7 36. Qe4+ Kh8 37. Qg6 Ng7 38. Qxh6+ Kg8 39. Qa6 Rf7 40.
Qa5 Ne6 41. Qxb4 Kg7 42. Qd6 Kf6 43. Kb2 Rg7 44. c4 Rg2+ 45. Ka3 a5 46. Qd3 Rg5
47. b4 axb4+ 48. Kxb4 Rg8 49. a4 Rb8+ 50. Kc3 Rd8 51. Qh7 Ra8 52. Qd7 Ra5 53.
Qc6 Rc5 54. Qb6 Rh5 55. a5 Rh3+ 56. Kb4 Rh1 57. a6 Rb1+ 58. Ka5 Ra1+ 59. Kb5 Ke7
60. a7 Kd7 61. Qc6+ Ke7 62. Qb7+ Kf6 63. Qb6 Kf5 64. c5 Nd4+ 65. Kc4 Nc6 66.
Qxc6 Rxa7 67. Qd5+ Kf6 68. c6 Re7 69. Qd8 Ke6 70. c7 Rxc7+ 71. Qxc7 Kf5 72. Qe7
Kf4 73. Qe6 Kf3 74. Qe5 Kf2 75. Qe4 Kg3 76. Kd3 Kf2 77. Qe3+ Kg2 78. Ke2 Kh2 79.
Kf2 Kh1 80. Qh3# 1-0

[Event "Let's Play Chess!"]
[Site "http://www.queenalice.com/game.php?id=42563"]
[Date "2005.12.9"]
[Round "-"]
[White "JimMorrisson"]
[Black "void"]
[Result "1-0"]
[WhiteElo "2173"]
[BlackElo "2044"]

1. e4 c5 2. Nf3 Nf6 3. Nc3 Nc6 4. d4 cxd4 5. Nxd4 g6 6. Nxc6 bxc6 7. e5 Nd5 8.
Nxd5 cxd5 9. Qxd5 Rb8 10. e6 Bg7 11. exf7+ Kf8 12. Bh6 d6 13. Bxg7+ Kxg7 14.
O-O-O Qb6 15. Qd4+ Qxd4 16. Rxd4 Be6 17. b3 Bxf7 18. f4 a5 19. Bd3 Rb4 20. Rxb4
axb4 21. Re1 Kf6 22. g4 h6 23. Re4 Rb8 24. h4 Bd5 25. g5+ hxg5 26. hxg5+ Kf7 27.
Rd4 e6 28. c4 Bf3 29. Rxd6 Rb7 30. Kd2 Bg4 31. Ke3 Bf5 32. Bxf5 exf5 33. Rf6+
Kg7 34. c5 Ra7 35. Rb6 Rxa2 36. Rxb4 Kf7 37. Rc4 Ke7 38. c6 Kd8 39. c7+ Kc8 40.
Kd4 Ra5 41. Rc5 Ra6 42. b4 Ra4 43. Kc4 Ra1 44. Kb5 Rf1 45. Rc4 Rd1 46. Rc6 Rb1
47. Rxg6 Kxc7 48. Rf6 Kd7 49. Rxf5 Ke6 50. Re5+ Kf7 51. f5 Rg1 52. f6 Kg6 53.
Kb6 Rb1 54. b5 Rc1 55. Kb7 Rd1 56. b6 Rd4 57. Kb8 Rd8+ 58. Kc7 Rh8 59. b7 Rh7+
60. Re7 Kxg5 61. Rxh7 Kxf6 62. b8=Q Ke5 63. Re7+ Kd5 64. Qb3+ Kd4 65. Qe3+ Kd5
66. Qe4+ Kc5 67. Re5# 1-0

[Event "Rematch"]
[Site "http://www.queenalice.com/game.php?id=50272"]
[Date "2006.1.30"]
[Round "-"]
[White "BogusBogart"]
[Black "void"]
[Result "1-0"]
[WhiteElo "2029"]
[BlackElo "2044"]

1. e4 e5 2. Nf3 Qe7 3. Bc4 a6 4. Nc3 b5 5. Bb3 c5 6. Bd5 Ra7 7. d3 h6 8. O-O d6
9. Ne2 Bg4 10. Ng3 Qf6 11. c4 Bxf3 12. gxf3 h5 13. Kh1 h4 14. Nf5 g6 15. Ne3 b4
16. a3 bxa3 17. Rxa3 Qd8 18. Bd2 Bg7 19. Ba5 Qc8 20. Qa4+ Kf8 21. b4 Qh3 22. Qd1
Bh6 23. Ng2 Qc8 24. Qe2 Nf6 25. Bb6 Re7 26. bxc5 dxc5 27. Rfa1 Kg7 28. Ba5 h3
29. Ne3 Bf4 30. Rb3 Rh4 31. Rg1 Kh7 32. Rgb1 Nbd7 33. Bb7 Qf8 34. Nd5 Re6 35.
Nb6 Kg7 36. Nxd7 Nxd7 37. Bc7 Qe7 38. Bd5 Rf6 39. Rb7 Rh8 40. Ba5 Rh5 41. Rg1
Rh8 42. Rgb1 Rh5 43. Rg1 Rd6 44. Bc7 Rf6 45. Ba5 Rg5 46. Rg4 Rxg4 47. fxg4 1-0

[Event "Let's Play Chess!"]
[Site "http://www.queenalice.com/game.php?id=51665"]
[Date "2006.2.8"]
[Round "-"]
[White "void"]
[Black "csparrow"]
[Result "0-1"]
[WhiteElo "2027"]
[BlackElo "2236"]

1. Nf3 Nf6 2. d3 d5 3. c3 Nbd7 4. Qa4 c6 5. Qf4 e5 6. Qg3 Nh5 7. Qg5 Qxg5 8.
Nxg5 Nhf6 9. g3 Bd6 10. Nf3 O-O 11. Nh4 Nc5 12. Bg2 Re8 13. O-O a5 14. Rd1 Bg4
15. f3 Be6 16. Bf1 Rad8 17. Bd2 d4 18. c4 b5 19. b3 a4 20. b4 Na6 21. c5 Be7 22.
a3 Nd5 23. Ng2 Bf6 24. Rc1 Nac7 25. Ne1 h5 26. Nc2 h4 27. g4 Nf4 28. Bxf4 exf4
29. Nd2 Be5 30. Bh3 Nd5 31. Kf2 Ne3 32. Rab1 g5 33. Na1 f6 34. Ne4 Ba2 35. Rb2
Bf7 36. Re1 Kg7 37. Kg1 Nd5 38. Kh1 Nc3 39. Rd2 Nxe4 40. fxe4 Re7 41. Nc2 Kg6
42. Ra1 Bb3 43. Ne1 Ree8 44. Bg2 h3 45. Bf3 Rh8 46. Rc1 Rh4 47. Nc2 Be6 48. Rg1
Kf7 49. Na1 Re8 50. Rb2 Re7 51. Nc2 Kg7 52. Rbb1 Ra7 53. Rbc1 Rb7 54. Rb1 Kf7
55. Rgf1 Bxg4 56. Bxg4 Rxg4 0-1

[Event "AUTO-OPEN-114"]
[Site "http://www.queenalice.com/game.php?id=55549"]
[Date "2006.3.2"]
[Round "2"]
[White "Kouvitch"]
[Black "void"]
[Result "1-0"]
[WhiteElo "1768"]
[BlackElo "1977"]

1. c4 e5 2. Nc3 Nf6 3. Nf3 e4 4. Ng5 c6 5. Ngxe4 Nxe4 6. Nxe4 d5 7. cxd5 cxd5 8.
Nc3 d4 9. Qa4+ Nc6 10. Nd1 Bd7 11. a3 Nb4 12. Qb3 1-0

[Event "AUTO-OPEN-114"]
[Site "http://www.queenalice.com/game.php?id=55550"]
[Date "2006.3.2"]
[Round "2"]
[White "void"]
[Black "Kouvitch"]
[Result "0-1"]
[WhiteElo "1953"]
[BlackElo "1792"]

1. g4 d5 2. h3 f5 3. g5 e5 4. d4 Bd6 5. dxe5 Bxe5 6. f4 Bd6 7. Qd4 Bf8 8. Qe3+
Ne7 9. Nf3 Nc6 10. Bg2 Qd6 11. O-O Be6 12. Qa3 Ng6 13. Qxd6 Bxd6 0-1